Southville International School and Colleges
Your cart is empty.
  • Cart
  • Lists
    Public lists Eva Luna New books Lux_list list_1
    Your lists Log in to create your own lists
  • Log in to your account
  • Your cookies
  • Search history
Southville International School and Colleges
  • Advanced search
  • Recent comments
  • Most popular
  • Libraries

Log in to your account

Log in with GOOGLE


If you do not have an external account, but do have a local account, you can still log in:

  1. Home
  2. MARC view: George Orwell's Animal Farm/
Normal view MARC view ISBD view

George Orwell's Animal Farm/ (Record no. 283289)

[ view plain ]
MARC details
000 -LEADER
fixed length control field 00517nam a2200157Ia 4500
008 - FIXED-LENGTH DATA ELEMENTS--GENERAL INFORMATION
fixed length control field 150223s9999 xx 000 0 und d
020 ## - INTERNATIONAL STANDARD BOOK NUMBER
International Standard Book Number 9710862278
050 ## - LIBRARY OF CONGRESS CALL NUMBER
Classification number PR 6029
Item number .R8A725 1984
100 ## - MAIN ENTRY--PERSONAL NAME
Personal name Ball, David.
245 ## - TITLE STATEMENT
Title George Orwell's Animal Farm/
Statement of responsibility, etc David Ball.
260 ## - PUBLICATION, DISTRIBUTION, ETC. (IMPRINT)
Place of publication, distribution, etc New York :
Name of publisher, distributor, etc Barron's Educational Series, Inc.,
Date of publication, distribution, etc 1984
300 ## - PHYSICAL DESCRIPTION
Extent 96 pages :
Dimensions 17 cm.
504 ## - BIBLIOGRAPHY, ETC. NOTE
Bibliography, etc Includes bibliography.
650 ## - SUBJECT ADDED ENTRY--TOPICAL TERM
Topical term or geographic name as entry element English literature
General subdivision History and criticism.
650 ## - SUBJECT ADDED ENTRY--TOPICAL TERM
Topical term or geographic name as entry element Orwell George 1903-1950
General subdivision Animal farm

No items available.

George Orwell's Animal Farm/

APA

Ball D., . (1984). George Orwell's Animal Farm. New York: Barron's Educational Series, Inc.

Chicago

Ball David, . 1984. George Orwell's Animal Farm. New York: Barron's Educational Series, Inc.

Harvard

Ball D., . (1984). George Orwell's Animal Farm. New York: Barron's Educational Series, Inc.

MLA

Ball David, . George Orwell's Animal Farm. New York: Barron's Educational Series, Inc. 1984.

  • Print
  • Cite
  • Add to your cart (remove)
  • Save record
    BIBTEX Dublin Core MARCXML MARC (non-Unicode/MARC-8) MARC (Unicode/UTF-8) MARC (Unicode/UTF-8, Standard) MODS (XML) RIS
  • More searches
    Search for this title in:
    Other Libraries (WorldCat) Other Databases (Google Scholar) Online Stores (Bookfinder.com) Open Library (openlibrary.org)

Exporting to Dublin Core...

SOUTHVILLE LIBRARY

Southville International School and Colleges Library

1281 Tropical Ave. Cor. Luxembourg St., BF Homes International, Las Pinas City

Tel. No. 8256374 / 252358 Loc. 117/146

Powered by Koha